Πέρασμα από την Αθήνα = Passages par Athènes

Saved in:
Bibliographic Details
Main Author: Plossu, Bernard
Format: Book
Language:Greek
French
Published: Αθήνα : Άγρα, c2006.
Subjects:
Tags: Add Tag
No Tags, Be the first to tag this record!

MARC

LEADER 00000cam a2200000 i 4500
001 1/100356
008 090123s2006 gr | ||| |||| ||gre||
020 |a 960325617X 
035 |l 10102824 
040 |a GR-MyUa  |b gre  |e AACR2 
041 1 |a gre  |h fre 
082 7 |a 779.092   |2 (22) 
100 1 |a Plossu, Bernard. 
245 1 0 |a Πέρασμα από την Αθήνα =   |b Passages par Athènes /   |c Bernard Plossu ; εισαγωγικά κείμενα Πλάτων Ριβέλλης, Αριστείδης Αντονάς. 
246 1 |i Παράλληλος τίτλος:   |a Passages par Athènes  
260 |a Αθήνα :   |b Άγρα,   |c c2006.  
300 |a 119 σ. :   |b εικ. ;   |c 20 εκ. 
651 0 |a Athens (Greece)  |v Pictorial works. 
852 |a INST  |b SYROS  |e 20090123  |h 779.092 PLO  |p 005500008729  |q 005500008729  |t BK  |y 0 
901 |a BIBL5-2009-1 
922 |a 5ΕΛΗ  |b 200802  |c ΕΠΕΑΕΚ2/ΤΜΣΠΣ  |d Σ. Πατάκης 
970 |a Καγιαβά  |b Ειρήνη  |z 23/01/2009